MARC

LEADER 00000nam0a2200000 4500
001 316504
005 20231102002901.0
010 |b 3150 экз. 
035 |a (RuTPU)RU\TPU\book\341955 
090 |a 316504 
100 |a 20160323d1926 m y0rusy50 ca 
101 1 |a rus  |c ger 
102 |a RU 
105 |a y z 001zy 
200 1 |a Физика труда и производительных сил. Социальная физика  |e пер. с нем.  |f Р. Леммель  |g под ред. и с примеч. О. Д. Хвольсона 
210 |a Ленинград  |c Книгоиздательство "СЕЯТЕЛЬ" Е. В. Высоцкого  |d 1926 
215 |a 114 с. 
316 |5 63413507: М-132599  |a На обложке и титульном листе владельческая подпись: "Бутаков" 
317 |5 63413507: М-132599  |a Поступила в НТБ в 1970 г. в составе книжного собрания профессора ТПИ И. Н. Бутакова 
320 |a Примеч. в конце стр. 
606 1 |a Труд  |x Физиология  |2 stltpush  |3 (RuTPU)RU\TPU\subj\61972  |9 79133 
610 1 |a социальный аспект 
610 1 |a владельческая надпись 
610 1 |a библиотека И. Н. Бутакова 
610 1 |a природные явления 
610 1 |a физический труд 
610 1 |a умственный труд 
610 1 |a производства 
610 1 |a взаимосвязи 
675 |a 612.7  |v 4 
700 1 |a Леммель  |b Р. 
702 1 |a Хвольсон  |b О. Д.  |c российский физик  |c член-корреспондент Петербургской АН  |f 1852-1934  |g Орест Данилович  |2 stltpush  |3 (RuTPU)RU\TPU\pers\9668  |4 340  |4 080  |9 1936 
801 1 |a RU  |b 63413507  |c 20160323 
801 2 |a RU  |b 63413507  |c 20190801  |g RCR 
942 |c BK